[Event "AUTO-ADV-4617"]
[Site "http://www.queenalice.com/game.php?id=1790726"]
[Date "2022.6.13"]
[Round "1"]
[White "silent1"]
[Black "Artking"]
[Result "0-1"]
[WhiteElo "1787"]
[BlackElo "2067"]

1. c4 Nf6 2. d4 g6 3. Nc3 Bg7 4. e4 d6 5. Nf3 Nbd7 6. Bd3 c6 7. O-O e5 8. d5 c5
9. a3 O-O 10. h3 a6 11. Bg5 Qe8 12. Qd2 Rb8 13. Bh6 Nh5 14. Bxg7 Kxg7 15. Ne2 f5
16. exf5 gxf5 17. Qg5+ Qg6 18. Qxg6+ hxg6 19. Ng5 Ndf6 20. Ne6+ Bxe6 21. dxe6
Rbe8 22. Nc3 Nf4 23. Bc2 Rxe6 24. Rfe1 e4 25. Rad1 Rd8 26. Ne2 Nd3 27. Bxd3 exd3
28. Nf4 Rxe1+ 29. Rxe1 d2 30. Rd1 Re8 31. Rxd2 Re1+ 32. Kh2 Ne4 33. Re2 Rxe2 34.
Nxe2 Nd2 35. Nf4 Nxc4 36. Nd3 g5 37. Kg3 Kf6 38. Kf3 Ne5+ 39. Nxe5 Kxe5 40. Ke3
a5 41. g3 d5 42. f4+ gxf4+ 43. gxf4+ Kf6 44. a4 Kg6 45. b3 Kh5 46. Kf3 Kh4 47.
Kg2 c4 48. bxc4 dxc4 0-1

[Event "AUTO-ADV-4659"]
[Site "http://www.queenalice.com/game.php?id=1801160"]
[Date "2022.12.4"]
[Round "1"]
[White "silent1"]
[Black "SamuraiJOM"]
[Result "1-0"]
[WhiteElo "1780"]
[BlackElo "1786"]

1. d4 d5 2. c4 dxc4 3. Nf3 e6 4. e4 Nf6 5. e5 Nfd7 6. Bxc4 h6 7. O-O Nb6 8. Bb3
Be7 9. a3 Nd5 10. Bd2 f6 11. exf6 Nxf6 12. Nc3 a6 13. Re1 Nc6 14. Bxe6 Qd6 15.
Bxc8 Rxc8 16. Be3 O-O 17. Qc1 Ng4 18. h3 Nxe3 19. Qxe3 Qg6 20. Qe4 Qxe4 21. Rxe4
Bd6 22. Rae1 Na5 23. Nh4 Kh7 24. Nd1 b5 25. Nf3 Nc6 26. b4 a5 27. d5 Ne7 28. Nc3
axb4 29. axb4 Ng6 30. Nxb5 Bf4 31. Nfd4 Bd2 32. Rb1 Bg5 33. g3 Bd2 34. Rb2 Bg5
35. h4 Bc1 36. Rc2 Bg5 37. hxg5 hxg5 38. Kg2 Rfe8 39. Rxe8 Rxe8 40. Rxc7 Ne5 41.
Nf5 Rg8 42. Nxg7 Rxg7 43. Rxg7+ Kxg7 44. d6 Kf7 45. Na7 g4 46. b5 Nc4 47. d7 Ke7
48. d8=Q+ Kxd8 49. Nc6+ Kc7 50. Nd4 Kb6 51. Kf1 Kc5 52. Nf5 Kxb5 53. f4 Kc5 54.
Kf2 Kd5 55. Ne3+ Kd4 56. Nxc4 Kxc4 57. Ke3 Kd5 58. Kd3 Ke6 59. Ke4 Kf6 60. Kd4
Ke6 61. Ke4 Kf6 62. Kd5 Kf5 63. Kd4 Ke6 64. Ke4 Kf6 65. f5 Kg5 66. Ke5 Kh6 67.
f6 Kg6 68. Ke6 Kh7 69. Ke7 Kg8 70. f7+ Kg7 71. f8=Q+ Kg6 72. Ke6 Kg5 73. Qg8+
Kh6 74. Kf6 1-0

[Event "AUTO-ADV-4659"]
[Site "http://www.queenalice.com/game.php?id=1801161"]
[Date "2022.12.4"]
[Round "1"]
[White "SamuraiJOM"]
[Black "silent1"]
[Result "1-0"]
[WhiteElo "1863"]
[BlackElo "1793"]

1. e4 e5 2. Nf3 Nf6 3. Nc3 Bc5 4. h3 Nc6 5. Bc4 O-O 6. d3 a6 7. a3 Nd4 8. Nxe5
d6 9. Nf3 Nxf3+ 10. Qxf3 Be6 11. Nd5 Bxd5 12. exd5 Re8+ 13. Be3 Bxe3 14. fxe3 c6
15. dxc6 bxc6 16. O-O-O d5 17. Ba2 Qb6 18. b4 Qxe3+ 19. Qxe3 Rxe3 20. Bb3 Rae8
21. Ba2 Nh5 22. h4 Ng3 23. Rh2 Re1 24. Rxe1 Kf8 25. Kd1 Nf5 26. Kd2 Rb8 27. Bb3
Nd4 28. Ba2 a5 29. Rb1 axb4 30. axb4 Nb5 31. Rb3 Ra8 32. Bb1 Nd4 33. Rc3 Ra6 34.
h5 Nb5 35. Rb3 Nd4 36. Rc3 Nb5 37. Rc5 Nc7 38. g4 Ne6 39. Ra5 Rb6 40. Ra8+ Ke7
41. c3 h6 42. Ba2 Ng5 43. Ra7+ Kd6 44. Ke3 Rb8 45. d4 Re8+ 46. Kd3 Re4 47. Rg2
g6 48. c4 dxc4+ 49. Bxc4 Re1 50. Ra6 gxh5 51. d5 Rd1+ 52. Rd2 Rg1 53. b5 Rg3+
54. Kc2 Ne4 55. Rxc6+ Kd7 56. Rd4 Nd6 57. b6 1-0

[Event "AUTO-ADV-4659"]
[Site "http://www.queenalice.com/game.php?id=1801162"]
[Date "2022.12.4"]
[Round "1"]
[White "silent1"]
[Black "princesher"]
[Result "1/2-1/2"]
[WhiteElo "1789"]
[BlackElo "1893"]

1. d4 d5 2. c4 dxc4 3. e4 b5 4. Nf3 Bg4 5. Be2 Bxf3 6. Bxf3 h6 7. Bf4 Nd7 8. a3
g5 9. Bd2 Bg7 10. e5 Rb8 11. Bc6 e6 12. Nc3 a6 13. O-O Ne7 14. Bxd7+ Qxd7 15.
Be3 Nd5 16. Nxd5 exd5 17. Qf3 O-O 18. Qh5 Qe6 19. f4 gxf4 20. Rxf4 Rbc8 21. Qf5
Qxf5 22. Rxf5 Kh7 23. Raf1 Kg8 24. R1f3 c6 25. Rh5 Kh7 26. Bd2 Rce8 27. Bxh6
Bxh6 28. Rf6 Rh8 29. Rhxh6+ Kg7 30. Rxh8 Rxh8 31. Rxc6 Rh4 32. Rxa6 Rxd4 33. Rb6
Rd1+ 34. Kf2 Rd2+ 35. Kf3 Rxb2 36. Rd6 c3 37. Rxd5 Rb3 38. Ke2 Rxa3 39. Rxb5
Ra2+ 40. Kd1 Rxg2 41. Rc5 Rxh2 42. Rxc3 Rh6 43. Rg3+ Rg6 44. Re3 Re6 45. Kd2 Kg6
46. Kd3 f6 47. exf6 Rxe3+ 48. Kxe3 Kxf6 49. Kf4 Ke7 50. Ke5 1/2-1/2

[Event "AUTO-ADV-4659"]
[Site "http://www.queenalice.com/game.php?id=1801163"]
[Date "2022.12.4"]
[Round "1"]
[White "princesher"]
[Black "silent1"]
[Result "1-0"]
[WhiteElo "2029"]
[BlackElo "1803"]

1. e4 e5 2. a3 Nf6 3. d3 Bc5 4. Bg5 Bxf2+ 5. Kxf2 Nxe4+ 6. dxe4 Qxg5 7. Nf3 Qf6
8. b4 Nc6 9. c3 O-O 10. g4 d6 11. h3 Qf4 12. Nd2 Be6 13. Qe2 a6 14. Qe3 Qxe3+
15. Kxe3 d5 16. exd5 Bxd5 17. Rh2 Rfe8 18. Ne1 Re6 19. c4 Bxc4 20. Bxc4 Rf6 21.
Rf2 Rxf2 22. Kxf2 Rd8 23. Ke3 g6 24. Ndf3 Kg7 25. Ke4 f6 26. Nd3 h6 27. Nc5 b5
28. Ne6+ Kh7 29. Nxd8 Nxd8 30. Bb3 Kg7 31. h4 Nb7 32. Rc1 1-0

[Event "AUTO-ADV-4659"]
[Site "http://www.queenalice.com/game.php?id=1801164"]
[Date "2022.12.4"]
[Round "1"]
[White "silent1"]
[Black "darthvedder72"]
[Result "0-1"]
[WhiteElo "1796"]
[BlackElo "2020"]

1. d4 Nf6 2. c4 b6 3. Nc3 Bb7 4. Nf3 e6 5. e3 Be7 6. Bd3 O-O 7. O-O d6 8. e4
Nbd7 9. h3 c5 10. d5 e5 11. Bd2 a6 12. a3 Ne8 13. Rb1 g6 14. Bh6 Ng7 15. Nh2 f5
16. exf5 gxf5 17. Bxg7 Kxg7 18. Ne2 Bg5 19. Ng3 e4 20. Bc2 Ne5 21. b3 Qe7 22.
Qh5 Qf6 23. Qe2 Qh6 24. Qh5 Qxh5 25. Nxh5+ Kg6 26. Ng3 b5 27. Nxe4 fxe4 28.
Bxe4+ Kg7 29. Nf3 Nxf3+ 30. Bxf3 Rae8 31. a4 b4 32. Rbe1 Bc8 33. Re2 Bd7 34.
Rfe1 Rxe2 35. Bxe2 Re8 36. Kf1 Bf5 37. Bd1 Rxe1+ 38. Kxe1 Kf6 39. g4 Be4 40. Ke2
Ke5 41. f3 Bg6 42. Kf2 Kd4 43. Ke2 Kc3 44. h4 Bf4 45. h5 Bc2 46. Bxc2 Kxc2 0-1

[Event "AUTO-ADV-4659"]
[Site "http://www.queenalice.com/game.php?id=1801165"]
[Date "2022.12.4"]
[Round "1"]
[White "darthvedder72"]
[Black "silent1"]
[Result "1-0"]
[WhiteElo "1876"]
[BlackElo "1817"]

1. d4 d5 2. c4 Bf5 3. cxd5 Qxd5 4. Nc3 Qd7 5. e4 Bg6 6. Nf3 e6 7. Bb5 c6 8. Ba4
h6 9. O-O Be7 10. Ne5 Qc7 11. Nxg6 fxg6 12. Bb3 e5 13. d5 cxd5 14. Nxd5 Qd7 15.
Qf3 Nf6 16. Rd1 Qg4 17. Nxf6+ 1-0

[Event "AUTO-ADV-4694"]
[Site "http://www.queenalice.com/game.php?id=1810465"]
[Date "2023.4.22"]
[Round "1"]
[White "Eggchaser"]
[Black "silent1"]
[Result "1-0"]
[WhiteElo "1978"]
[BlackElo "1809"]

1. Nf3 d5 2. b3 Nc6 3. Bb2 e6 4. e3 Nf6 5. c4 Bb4 6. a3 Be7 7. Be2 O-O 8. O-O
dxc4 9. Bxc4 b6 10. Qc2 h6 11. d4 Bb7 12. Be2 Qd5 13. Nc3 Qd8 14. Rac1 Bd6 15.
Rfd1 Qe7 16. b4 Qe8 17. Nb5 Nxb4 18. axb4 Qc8 19. Nxd6 cxd6 20. b5 Qxc2 21. Rxc2
Rfc8 22. Rdc1 Rxc2 23. Rxc2 Rc8 24. Rxc8+ Bxc8 25. Nd2 Bb7 26. Nc4 d5 27. Nd6
Ba8 28. Bf3 Ne4 29. Nc8 Bb7 30. Nxa7 Kf8 31. Bxe4 dxe4 32. Nc6 Bxc6 33. bxc6 Ke8
34. Ba3 g6 35. f3 Kd8 36. Bd6 exf3 37. gxf3 h5 38. h4 b5 39. Kf1 Kc8 40. Ke2 b4
41. Kd2 b3 42. Kc3 b2 43. Kxb2 Kd8 44. Kc3 f6 45. e4 g5 46. hxg5 fxg5 47. Kc4 g4
48. fxg4 hxg4 49. Kc5 1-0

[Event "AUTO-ADV-4694"]
[Site "http://www.queenalice.com/game.php?id=1810466"]
[Date "2023.4.22"]
[Round "1"]
[White "silent1"]
[Black "Eggchaser"]
[Result "0-1"]
[WhiteElo "1809"]
[BlackElo "1968"]

1. e4 e6 2. d4 d5 3. e5 c5 4. Bb5+ Bd7 5. Bxd7+ Nxd7 6. Nf3 Ne7 7. O-O Nc6 8. c3
cxd4 9. cxd4 Be7 10. a3 O-O 11. Nc3 f6 12. b4 fxe5 13. dxe5 Ncxe5 14. Nxe5 Nxe5
15. Be3 Bf6 16. Ra2 a6 17. Nb1 Nc4 18. Bd4 e5 19. Bb2 Nxb2 20. Rxb2 d4 21. Rd2
Rc8 22. Rc2 Qe7 23. Qe2 Qd7 24. Rxc8 Rxc8 25. Qa2+ Qf7 26. Qxf7+ Kxf7 27. Rd1
Rc2 28. Kf1 Ke6 29. Nd2 Kd5 30. g3 Rc3 31. Ra1 Bg5 32. Ke1 Bxd2+ 33. Kxd2 g5 34.
h3 e4 35. h4 h6 36. hxg5 hxg5 37. Ra2 Kc4 38. Rc2 Kb3 39. Rxc3+ dxc3+ 40. Kc1
Kxa3 0-1

[Event "AUTO-ADV-4694"]
[Site "http://www.queenalice.com/game.php?id=1810479"]
[Date "2023.4.22"]
[Round "1"]
[White "Connor"]
[Black "silent1"]
[Result "0-1"]
[WhiteElo "1710"]
[BlackElo "1796"]

1. d4 d5 2. e3 e6 3. c4 Bb4+ 4. Bd2 Bxd2+ 5. Qxd2 Nf6 6. Nf3 c6 7. Nc3 O-O 8.
cxd5 exd5 9. Be2 Bf5 10. Bd3 Bxd3 11. Qxd3 Nbd7 12. O-O h6 13. e4 dxe4 14. Nxe4
Nxe4 15. Qxe4 Nf6 16. Qc2 Qd5 17. h3 Qe4 18. Qxe4 Nxe4 19. Rad1 Nd6 20. b3 Rfe8
21. Rfe1 Rxe1+ 22. Rxe1 Re8 23. Rxe8+ Nxe8 24. Kf1 Kf8 25. Ke2 Ke7 26. g4 g5 27.
Ke3 f6 28. Nd2 Nd6 29. Ne4 Nxe4 30. Kxe4 Ke6 31. f3 a5 0-1

[Event "AUTO-ADV-4694"]
[Site "http://www.queenalice.com/game.php?id=1810480"]
[Date "2023.4.22"]
[Round "1"]
[White "silent1"]
[Black "Connor"]
[Result "1-0"]
[WhiteElo "1799"]
[BlackElo "1645"]

1. c4 e6 2. Nf3 Nf6 3. Nc3 d5 4. cxd5 Nxd5 5. e4 Nxc3 6. bxc3 Nd7 7. d4 c6 8.
Bd3 Be7 9. O-O Nf6 10. e5 Nd5 11. Bb2 Qa5 12. Qb3 Qc7 13. Ba3 O-O 14. Bxe7 Qxe7
15. Qc2 g6 16. Qb2 b5 17. Rfe1 a5 18. Be4 Rb8 19. Bxd5 cxd5 20. Qd2 b4 21. cxb4
axb4 22. Rec1 Re8 23. Qh6 Qf8 24. Qxf8+ Rxf8 25. h3 Ba6 26. Rc6 Bc4 27. Nd2 Rfc8
28. Rxc8+ Rxc8 29. f3 Kg7 30. Kf2 h5 31. h4 Ra8 32. Nxc4 dxc4 33. Ke3 c3 34. Kd3
Rb8 35. a3 bxa3 36. Rxa3 Rb2 37. Rxc3 Rxg2 38. Rc2 Rxc2 39. Kxc2 f6 40. f4 f5
41. Kc3 Kf7 42. Kc4 Ke7 43. d5 1-0

[Event "AUTO-ADV-4694"]
[Site "http://www.queenalice.com/game.php?id=1810489"]
[Date "2023.4.22"]
[Round "1"]
[White "silent1"]
[Black "SamuraiJOM"]
[Result "1-0"]
[WhiteElo "1813"]
[BlackElo "1784"]

1. f4 d5 2. Nf3 Nf6 3. e3 e6 4. b3 Bc5 5. Bb2 a6 6. c4 Ne4 7. Bxg7 Rg8 8. Bb2
Nf6 9. g3 Nc6 10. Bg2 dxc4 11. bxc4 h6 12. O-O Qe7 13. d4 Ba7 14. Ba3 Qd8 15.
Nc3 Ne7 16. Bxe7 Qxe7 17. c5 c6 18. Rb1 Ng4 19. Qd3 Nf6 20. e4 Bb8 21. e5 Nd5
22. f5 exf5 23. Nxd5 cxd5 24. Nh4 Be6 25. Nxf5 Bxf5 26. Qxf5 Qe6 27. Qh7 Kf8 28.
Rxb7 f6 29. Rxf6+ 1-0

[Event "AUTO-ADV-4694"]
[Site "http://www.queenalice.com/game.php?id=1810490"]
[Date "2023.4.22"]
[Round "1"]
[White "SamuraiJOM"]
[Black "silent1"]
[Result "0-1"]
[WhiteElo "1732"]
[BlackElo "1800"]

1. e4 e5 2. Nf3 Nc6 3. Bc4 Nf6 4. c3 Nxe4 5. O-O d5 6. Bb3 Nc5 7. Bc2 Bg4 8. d3
Qf6 9. Bg5 Bxf3 10. Bxf6 Bxd1 11. Rxd1 gxf6 12. Nd2 O-O-O 13. Kf1 Kb8 14. a4 a5
15. Nf3 d4 16. cxd4 exd4 17. Re1 Bd6 18. h3 Nb4 19. Nxd4 Be5 20. Nf3 Nxc2 21.
Nxe5 fxe5 22. Rxe5 Nxd3 23. Rxa5 Nxa1 24. b3 Nf4 25. Rf5 Rd1# 0-1

[Event "AUTO-ADV-4725"]
[Site "http://www.queenalice.com/game.php?id=1819205"]
[Date "2023.8.20"]
[Round "1"]
[White "quithero"]
[Black "silent1"]
[Result "1-0"]
[WhiteElo "1938"]
[BlackElo "1837"]

1. e4 e5 2. Nf3 Bc5 3. Bc4 Nf6 4. O-O O-O 5. Re1 Nc6 6. c3 d5 7. exd5 Nxd5 8.
Nxe5 Nxe5 9. Rxe5 Nf6 10. Rxc5 c6 11. d4 Re8 12. Nd2 Bf5 13. Rxf5 Re7 14. Nf3
Qd6 15. b3 Rae8 16. Bf4 Qd7 17. Re5 Rxe5 18. Nxe5 Rxe5 19. Bxe5 1-0

[Event "AUTO-ADV-4725"]
[Site "http://www.queenalice.com/game.php?id=1819206"]
[Date "2023.8.20"]
[Round "1"]
[White "silent1"]
[Black "quithero"]
[Result "0-1"]
[WhiteElo "1870"]
[BlackElo "1938"]

1. e4 e5 2. Nf3 Nc6 3. Bc4 Nf6 4. Ng5 d5 5. exd5 Nxd5 6. Nxf7 Kxf7 7. Qh5+ g6 8.
Qf3+ Ke6 9. O-O Nd4 10. Bxd5+ Qxd5 11. Qxd5+ Kxd5 12. Nc3+ Kc6 13. d3 Nxc2 14.
Rb1 Bf5 15. Bg5 Bg7 16. Rfd1 Nd4 17. Be3 b6 18. a3 Rad8 19. b4 Rhe8 20. Ne4 Nc2
21. Rbc1 Bxe4 22. Rxc2+ Kb7 23. Rcd2 Bc6 24. g3 Ba4 25. Rc1 Re6 26. Bg5 Rd7 27.
Re2 Rxd3 28. h4 Rxa3 29. Be3 Rb3 30. Ra1 Bb5 31. Rc2 Rxb4 32. Bd2 Rc4 33. Rb2 e4
34. Rab1 Bxb2 35. Rxb2 a5 36. Be3 a4 37. Kh2 a3 38. Ra2 Rc3 39. Bh6 Bc4 40. Ra1
a2 41. Be3 Rxe3 42. fxe3 Rf6 43. Kg2 Rf3 44. g4 Rxe3 45. g5 Rb3 46. Rxa2 Rg3+
47. Kxg3 Bxa2 48. Kg4 c5 49. h5 c4 50. Kf4 Bb1 51. hxg6 hxg6 52. Ke3 c3 53. Kd4
c2 0-1

[Event "AUTO-ADV-4725"]
[Site "http://www.queenalice.com/game.php?id=1819233"]
[Date "2023.8.20"]
[Round "1"]
[White "silent1"]
[Black "Capixabba789"]
[Result "1-0"]
[WhiteElo "1853"]
[BlackElo "1866"]

1. e4 d6 2. Nf3 Bg4 3. Be2 e6 4. Nc3 Nf6 5. O-O Be7 6. d4 Nbd7 7. e5 dxe5 8.
Nxe5 Bxe2 9. Qxe2 O-O 10. Nxd7 Qxd7 11. Be3 c6 12. Qf3 Bd8 13. a3 Bc7 14. Ne4
Nxe4 15. Qxe4 Rad8 16. Rfd1 Bb8 17. Bf4 Bxf4 18. Qxf4 c5 19. Rd3 cxd4 20. Rad1
Qb5 21. Rxd4 Rxd4 22. Rxd4 Qxb2 23. h3 Qxc2 24. Rd7 Qc6 25. Qd4 a6 26. Rd8 h6
27. Rxf8+ Kxf8 28. Qd8+ Qe8 29. Qd6+ Kg8 30. Qc7 Qc6 31. Qd8+ Kh7 32. Qd3+ g6
33. Qd4 Qd5 34. Qe3 b5 35. Qb6 Qa8 36. Qc7 Kg7 37. Qb6 h5 38. Qd4+ Kh6 39. Qb6
h4 40. Qd4 Qd5 41. Qxh4+ Qh5 42. Qf4+ Kg7 43. Qd4+ e5 44. Qd6 Qf5 45. Qxa6 e4
46. Qd6 g5 47. g4 Qe6 48. Qxe6 fxe6 49. Kh2 Kf6 50. Kg3 e5 51. h4 gxh4+ 52. Kxh4
Kg6 53. g5 1-0

[Event "AUTO-ADV-4725"]
[Site "http://www.queenalice.com/game.php?id=1819234"]
[Date "2023.8.20"]
[Round "1"]
[White "Capixabba789"]
[Black "silent1"]
[Result "0-1"]
[WhiteElo "1929"]
[BlackElo "1825"]

1. e4 e5 2. Nf3 Bc5 3. Bc4 Nf6 4. O-O O-O 5. c3 Nc6 6. d3 d5 7. exd5 Nxd5 8. Bg5
Nf6 9. Nxe5 Nxe5 10. d4 Nxc4 11. dxc5 Qxd1 12. Rxd1 Ne4 13. Bf4 c6 14. Rd4 Nxb2
15. Rxe4 Be6 16. Nd2 Nd3 17. Bd6 Rfd8 18. Nf3 Bd5 19. Rd4 Nb2 20. Ne5 Re8 21. h3
b5 22. a3 Na4 23. Rc1 Re6 24. f4 f6 25. Ng4 Rae8 26. Kh2 Re2 27. Bc7 Rxg2+ 0-1

[Event "AUTO-ADV-4742"]
[Site "http://www.queenalice.com/game.php?id=1824031"]
[Date "2023.10.27"]
[Round "1"]
[White "Capixabba789"]
[Black "silent1"]
[Result "1-0"]
[WhiteElo "1902"]
[BlackElo "1857"]

1. e4 e5 2. Nf3 d6 3. Bc4 Be7 4. d4 exd4 5. Nxd4 Nf6 6. O-O O-O 7. Re1 Bd7 8.
Qe2 Nc6 9. c3 Ne5 10. Bb3 a5 11. Nd2 a4 12. Bc2 c5 13. Nf5 Bxf5 14. exf5 Nfg4
15. f4 Nc6 16. Qxg4 Bf6 17. Ne4 Be7 18. Ng5 Bxg5 19. fxg5 Ne5 20. Qg3 a3 21.
bxa3 Nc4 22. f6 g6 23. Qh4 Kh8 24. Qh6 Rg8 25. Re4 Ne5 26. Rh4 1-0

[Event "AUTO-ADV-4742"]
[Site "http://www.queenalice.com/game.php?id=1824032"]
[Date "2023.10.27"]
[Round "1"]
[White "silent1"]
[Black "Capixabba789"]
[Result "1-0"]
[WhiteElo "1819"]
[BlackElo "1909"]

1. e4 d6 2. d4 Nf6 3. Nc3 e5 4. d5 Be7 5. Be2 c5 6. Nf3 Bg4 7. Ng5 Bxe2 8. Qxe2
Nbd7 9. Be3 Nf8 10. O-O Ng6 11. Qb5+ Qd7 12. Qxd7+ Nxd7 13. a3 Bxg5 14. Bxg5 O-O
15. Nb5 a6 16. Nxd6 b5 17. Nf5 f6 18. Bd2 c4 19. Bb4 Rfe8 20. d6 Nf4 21. Ne7+
Kh8 22. Rfe1 a5 23. Bd2 Ne6 24. Be3 Ra6 25. Rad1 Nd4 26. Bxd4 exd4 27. Rxd4 a4
28. Re3 h6 29. Rh3 Ra7 30. f4 Nc5 31. e5 fxe5 32. fxe5 Rexe7 33. dxe7 Rxe7 34.
Rh5 Kh7 35. Rd5 1-0

[Event "AUTO-ADV-4742"]
[Site "http://www.queenalice.com/game.php?id=1824037"]
[Date "2023.10.27"]
[Round "1"]
[White "BobFicha"]
[Black "silent1"]
[Result "1-0"]
[WhiteElo "1891"]
[BlackElo "1839"]

1. e4 e5 2. Nf3 d6 3. Bc4 Be7 4. d4 exd4 5. Nxd4 Nf6 6. f3 Bd7 7. Nc3 Nc6 8.
Nxc6 Bxc6 9. Be3 O-O 10. Qd3 a6 11. O-O-O Bb5 12. Bxb5 axb5 13. Qxb5 b6 14. h4
Ra5 15. Qd3 Qd7 16. g4 Rfa8 17. a3 c5 18. a4 Qc6 19. b3 Ne8 20. Nd5 R8a7 21. Bd2
Rxa4 22. bxa4 Bd8 23. Nc3 Rxa4 24. Nxa4 Qxa4 25. Bc3 Qa3+ 26. Kd2 Qa8 27. Ra1
Qb7 28. Qa6 1-0

[Event "AUTO-ADV-4742"]
[Site "http://www.queenalice.com/game.php?id=1824038"]
[Date "2023.10.27"]
[Round "1"]
[White "silent1"]
[Black "BobFicha"]
[Result "0-1"]
[WhiteElo "1825"]
[BlackElo "1941"]

1. e4 e5 2. Nf3 d6 3. Nc3 Nf6 4. Bc4 h6 5. d4 exd4 6. Nxd4 Qe7 7. Qe2 a6 8. a4
c5 9. Nf3 Bg4 10. O-O Nbd7 11. h3 Bxf3 12. Qxf3 Ne5 13. Qe2 g5 14. Nd5 Qd8 15.
Nxf6+ Qxf6 16. Ba2 Qg6 17. Bd5 Rb8 18. f3 Bg7 19. Rb1 O-O 20. Bd2 Nd7 21. a5 Nf6
22. Bb3 Rfe8 23. Be3 Nh5 24. Bf2 Nf4 25. Qd2 Be5 26. Be3 Kg7 27. Ba4 Red8 28.
Bxf4 Bxf4 29. Qd3 b5 30. axb6 Rxb6 31. Bb3 Qf6 32. c3 Rxb3 33. Qxa6 Be3+ 34. Kh1
Qe6 35. Qa5 Rdb8 36. Qc7 Rxb2 37. Rxb2 Rxb2 38. Qa5 Qe5 39. Qa3 Rd2 0-1